| 000 | 00492nam a2200169Ia 4500 | ||
|---|---|---|---|
| 003 | LK-CoDNM | ||
| 008 | 010623t2007 xxu||||| |||| 00| 1 sin d | ||
| 040 |
_aLK-CoDNM _dLK-CoDNM _eLK-CoDNM |
||
| 041 | _asin | ||
| 080 | _a323.28 | ||
| 100 | _aPerera,K.A.N | ||
| 245 | _aත්රස්තවාදයට ඵරෙහිව යුද්ධයේ සැබැ මුහුණුවර | ||
| 246 | _aWar On Terrorism | ||
| 260 |
_bRavaya _c2007 |
||
| 300 | _b557p.;22 cm cm | ||
| 942 | _cBK | ||
| 999 |
_c126706 _d126706 |
||